000
00266nam a2200109Ia 4500
008
190919s9999||||xx |||||||||||||| ||und||
100
_a
Marty Nemko
245
0
_a
Youre Gonna Love this College Guide
260
_a
USA
_b
Barrons
_c
1996
300
_a
480
942
_c
BK
999
_c
10715
_d
10715